Biblioteca de legislación agrícola : (Record no. 33163)

MARC details
000 -LEADER
campo de control de longitud fija 01016nam a2200217 i 4500
001 - NÚMERO DE CONTROL
campo de control 33163
003 - IDENTIFICADOR DE NÚMERO DE CONTROL
campo de control ES-MaACL
005 - FECHA Y HORA DE LA ÚLTIMA TRANSACCIÓN
campo de control 20250808082322.0
007 - CAMPO FIJO DE DESCRIPCIÓN FÍSICA--INFORMACIÓN GENERAL
campo de control de longitud fija t|
008 - DATOS DE LONGITUD FIJA--INFORMACIÓN GENERAL
campo de control de longitud fija 030201s1887 sp ||||1| spa d
245 00 - MENCIÓN DEL TÍTULO
Título Biblioteca de legislación agrícola :
Resto del título recopilación completa de las disposiciones dictadas desde principios del siglo actual, referentes al ramo de agricultura.
Número de parte o sección de la obra Tomo primero,
Nombre de parte o sección de la obra Enseñanza agrícola, personal y servicio agronómico, concursos de obras y premios a la agricultura /
Mención de responsabilidad, etc. por José de Robles y Rogelio Valledor.
260 ## - PUBLICACIÓN, DISTRIBUCIÓN, ETC.
Lugar de publicación, distribución, etc. Madrid :
Nombre del editor, distribuidor, etc. [s.n.],
Fecha de publicación, distribución, etc. 1887 (
Fabricante L. Peaut e Hijos)
300 ## - DESCRIPCIÓN FÍSICA
Extensión XXXIX, 554 p., [1] h. pleg. de lám. ;
Dimensiones 24 cm.
530 ## - NOTA DISPONIBLE DE FORMULARIO FÍSICO ADICIONAL
Nota de formato físico adicional disponible Disponible en formato digital.
650 04 - PUNTO DE ACCESO ADICIONAL DE MATERIA--TÉRMINO DE MATERIA
Término de materia o nombre geográfico como elemento de entrada Derecho agrario-
Subdivisión geográfica España
9 (RLIN) 11649
700 1# - ENTRADA AGREGADA--NOMBRE PERSONAL
Nombre de persona Robles, José de.
9 (RLIN) 97934
700 1# - ENTRADA AGREGADA--NOMBRE PERSONAL
Nombre de persona Valledor, Rogelio.
9 (RLIN) 112827
852 ## - LOCALIZACIÓN
Ubicación ES-MaACL
Número de control de estantería G-13837
856 ## - LOCALIZACIÓN Y ACCESO ELECTRÓNICOS
Identificador Uniforme de Recursos <a href="http://bdh-rd.bne.es/viewer.vm?id=0000126378&page=1 ">http://bdh-rd.bne.es/viewer.vm?id=0000126378&page=1 </a>
Nota pública Biblioteca Digital Hispánica
Holdings
Estatus retirado Estado de pérdida Estado de daño No para préstamo Colección Biblioteca de origen Biblioteca actual Ubicación en estantería Fecha de adquisición Fuente de adquisición Total de préstamos Signatura topográfica completa Código de barras Visto por última vez Precio de reemplazo Tipo de ítem Koha
        Colección digital Biblioteca del Ateneo de Madrid Biblioteca del Ateneo de Madrid Sala Pecera Planta 3 17/01/2008     G-13837 1034473 23/02/2023 23/02/2023 Libro impreso antiguo